El desarrollo industrial frente a la reestructuración / (Registro nro. 12507)

Detalles MARC
000 -LEADER
fixed length control field 01260nam a2200217Ia 4500
003 - CONTROL NUMBER IDENTIFIER
control field OSt
005 - DATE AND TIME OF LATEST TRANSACTION
control field 20210922165958.0
008 - FIXED-LENGTH DATA ELEMENTS--GENERAL INFORMATION
fixed length control field 210310s1990 ck gr 000 0 spa d
040 ## - CATALOGING SOURCE
Original cataloging agency CO-JMCR
Transcribing agency CO-JMCR
041 0# - LANGUAGE CODE
Language code of text/sound track or separate title spa
082 04 - DEWEY DECIMAL CLASSIFICATION NUMBER
Classification number 338.7 /
Item number F293d
Edition number 23
110 2# - MAIN ENTRY--CORPORATE NAME
Corporate name or jurisdiction name as entry element Federación Metalúrgica Colombiana
Relator term autor
9 (RLIN) 40733
245 13 - TITLE STATEMENT
Title El desarrollo industrial frente a la reestructuración /
Statement of responsibility, etc. Federación Metalúrgica Colombiana
250 ## - EDITION STATEMENT
Edition statement Primera edición.
260 ## - PUBLICATION, DISTRIBUTION, ETC.
Place of publication, distribution, etc. Bogotá :
Name of publisher, distributor, etc. Sena,
Date of publication, distribution, etc. 1989.
300 ## - PHYSICAL DESCRIPTION
Extent 287 páginas :
Other physical details ilustraciones y gráficas en blanco y negro ;
Dimensions 24 cm.
505 0# - FORMATTED CONTENTS NOTE
Title El desarrollo industrial frente a la reestructuración - fedemetal /
Statement of responsibility Jorge Méndez Munévar, Luis Gustavo Flórez Enciso. --
Title Experiencias de reestructuración industrial -fedesarrollo. /
Statement of responsibility Juan José Echavarría. --
Title Reestructuración industrial, política y practica - banco mundial. / <br/><br/>
Statement of responsibility Ira Lieberman. --
Title Una revisión general de la reestructuración ministerio de desarrollo. /
Statement of responsibility Jorge Rodríguez Mancera. --
Title La integración y el proceso de reestructuración - junta del acuerdo de Cartagena. /<br/><br/>
Statement of responsibility Fernando Sanz Marique.
650 14 - SUBJECT ADDED ENTRY--TOPICAL TERM
Topical term or geographic name entry element Restructuración industrial
9 (RLIN) 40734
650 24 - SUBJECT ADDED ENTRY--TOPICAL TERM
Topical term or geographic name entry element Desarrollo industrial.
9 (RLIN) 40735
942 ## - ADDED ENTRY ELEMENTS (KOHA)
Source of classification or shelving scheme Dewey Decimal Classification
Koha item type Books
Existencias
Withdrawn status Lost status Source of classification or shelving scheme Damaged status Not for loan Home library Current library Shelving location Date acquired Source of acquisition Full call number Barcode Date last seen Copy number Price effective from Koha item type
    Dewey Decimal Classification     Biblioteca Pública José María del Castillo y Rada Biblioteca Pública José María del Castillo y Rada General Stacks 04/15/2018 Donación 338.7 / F293d 430005505 05/16/2024 Ej.1 03/10/2021 Books